Part E of the Building Regulations (Record no. 73135)
[ view plain ]
| 000 -LEADER | |
|---|---|
| fixed length control field | 01122cam a2200193 4500 |
| 001 - CONTROL NUMBER | |
| control field | WB3929-02 |
| 008 - FIXED-LENGTH DATA ELEMENTS--GENERAL INFORMATION | |
| fixed length control field | 030731n2003 000 0 eng u |
| 035 ## - SYSTEM CONTROL NUMBER | |
| System control number | (Sirsi) u123152 |
| 245 ## - TITLE STATEMENT | |
| Title | Part E of the Building Regulations |
| 260 ## - PUBLICATION, DISTRIBUTION, ETC. | |
| Date of publication, distribution, etc. | 2003 |
| 490 ## - SERIES STATEMENT | |
| Series statement | RICS Building Control Forum News |
| Volume/sequential designation | 29 July 2003, (1) |
| 520 ## - SUMMARY, ETC. | |
| Summary, etc. | ODPM has issued a circular letter which draws attention to UKAS accredited organisations and to the registration scheme of the Association of Noise Consultants concerning sound insulation testing. The revised part E applies to all relevant types of building from 1 July 2003. The various provisions governing the implementation are explained in ODPM Circular 03/2002: http://www.odpm.gov.uk/stellent/groups/odpm_buildreg/documents/page/odpm_breg_600294.pdf For the Building Control News: http://www.rics.org/ricscms/bin/show?class=News&template=/includes/shownews.html&id=6596 |
| 590 ## - LOCAL NOTE (RLIN) | |
| Local note | WB |
| 650 ## - SUBJECT ADDED ENTRY--TOPICAL TERM | |
| Topical term or geographic name entry element | BUILDING REGULATIONS 2000 APPROVED DOCUMENT E (2003 EDITION) |
| 650 ## - SUBJECT ADDED ENTRY--TOPICAL TERM | |
| Topical term or geographic name entry element | SOUND INSULATION |
| 650 ## - SUBJECT ADDED ENTRY--TOPICAL TERM | |
| Topical term or geographic name entry element | CONVERSION |
| 690 ## - LOCAL SUBJECT ADDED ENTRY--TOPICAL TERM (OCLC, RLIN) | |
| Topical term or geographic name as entry element | BUILT ENVIRONMENT-BUILDING STANDARDS |
| 942 ## - ADDED ENTRY ELEMENTS (KOHA) | |
| Suppress in OPAC | 0 |
| Withdrawn status | Lost status | Source of classification or shelving scheme | Damaged status | Not for loan | Home library | Current library | Shelving location | Date acquired | Total Checkouts | Full call number | Barcode | Date last seen | Copy number | Price effective from | Koha item type |
|---|---|---|---|---|---|---|---|---|---|---|---|---|---|---|---|
| Dewey Decimal Classification | London | London | News article | 31/07/2003 | WB3929-02 | 123152-1002 | 06/08/2019 | 2 | 06/08/2019 | News article |